<?xml version="1.0" encoding="UTF-8"?>
<collection xmlns="http://www.loc.gov/MARC21/slim">
 <record>
  <leader>01393nam a2200217Ia 4500</leader>
  <controlfield tag="001">TDMU_7719</controlfield>
  <controlfield tag="008">210410s9999    xx            000 0 und d</controlfield>
  <datafield tag="082" ind1=" " ind2=" ">
   <subfield code="a">612</subfield>
  </datafield>
  <datafield tag="090" ind1=" " ind2=" ">
   <subfield code="b">NG528</subfield>
  </datafield>
  <datafield tag="100" ind1=" " ind2=" ">
   <subfield code="a">NguyêÌƒn, Như HiêÌ€n</subfield>
  </datafield>
  <datafield tag="245" ind1=" " ind2="0">
   <subfield code="a">Sinh lyÌ ngươÌ€i vaÌ€ đôÌ£ng vâÌ£t</subfield>
  </datafield>
  <datafield tag="245" ind1=" " ind2="0">
   <subfield code="b">DuÌ€ng cho sinh viên Cao đăÌ‰ng, ĐaÌ£i hoÌ£c chuyên ngaÌ€nh Sinh hoÌ£c, Công nghêÌ£ sinh hoÌ£c vaÌ€ giaÌo viên Sinh hoÌ£c trung hoÌ£c phôÌ‰ thông</subfield>
  </datafield>
  <datafield tag="245" ind1=" " ind2="0">
   <subfield code="c">PGS. TS. NguyêÌƒn Như HiêÌ€n, Th.S. NguyêÌƒn HôÌ€ng HaÌ£nh</subfield>
  </datafield>
  <datafield tag="260" ind1=" " ind2=" ">
   <subfield code="a">H.</subfield>
  </datafield>
  <datafield tag="260" ind1=" " ind2=" ">
   <subfield code="b">GiaÌo duÌ£c ViêÌ£t Nam</subfield>
  </datafield>
  <datafield tag="260" ind1=" " ind2=" ">
   <subfield code="c">2009</subfield>
  </datafield>
  <datafield tag="300" ind1=" " ind2=" ">
   <subfield code="a">295tr.</subfield>
  </datafield>
  <datafield tag="520" ind1=" " ind2=" ">
   <subfield code="a">TriÌ€nh baÌ€y caÌc kiêÌn thưÌc vêÌ€ câÌu truÌc, chưÌc năng tưÌ€ mưÌc đôÌ£ phân tưÌ‰, têÌ baÌ€o, mô, cơ quan vaÌ€ hêÌ£ cơ quan trong môÌi tương quan theo câÌp bâÌ£c lêÌ£ thuôÌ£c nhau.</subfield>
  </datafield>
  <datafield tag="650" ind1=" " ind2=" ">
   <subfield code="a">Sinh lyÌ hoÌ£c </subfield>
   <subfield code="x">NgươÌ€i; Sinh lyÌ hoÌ£c </subfield>
   <subfield code="x">ĐôÌ£ng vâÌ£t; Sinh hoÌ£c; Sinh lyÌ hoÌ£c; NgươÌ€i; ĐôÌ£ng vâÌ£t</subfield>
  </datafield>
  <datafield tag="856" ind1=" " ind2=" ">
   <subfield code="u">http://lrc.tdmu.edu.vn/opac/search/detail.asp?aID=2&amp;ID=7719</subfield>
  </datafield>
  <datafield tag="980" ind1=" " ind2=" ">
   <subfield code="a">Trung tâm Học liệu Trường Đại học Thủ Dầu Một</subfield>
  </datafield>
 </record>
</collection>
